000
00337nam a2200133Ia 4500
008
240624s9999 xx 000 0 und d
041
_a
eng
082
_a
828 PIN
100
_a
PINKER STEVEN
245
_a
BETTER ANGELS OF OUR NATURE
260
_c
2012
_a
New Delhi
_b
Penguin
300
_a
xxviii, : 1026 : p. : cm. ; 21
365
_c
RS
_b
30
999
_c
27638
_d
27638